000 01213nam a2200229Ia 4500
001 L239-11750
003 IT-CnALBA
008 170116s9999||||xx |||||||||||||| ||und||
040 _aIT-CnALBA
_cIT-CnALBA
041 _aITALIANO
100 _aSTANCHETTI GIUSEPPE
245 0 _aIL MONDO SENZA VITA.
250 _a1a ed.
260 _aROMA
_bAVE, ANONIMA VERITA'S EDITRICE
_c1944 [1° Ed.:1944 - Ed.Ling.Originale: 1944]
300 _a127 p. (prefazione: 5)
500 _aESSENZA ESISTENZA SOSTANZA. ESISTENZIALISMO. MUTAZIONI DELLA SOSTANZA. FISICA CHIMICA MATERIA. FORMA ILEMORFISMO. DEFINIONE DELLA QUANTITA'. DIVISIBILITA'. QUALITÀ. CONCETTO E MISURA. LUOGO SPAZIO TEMPO. MOVIMENTO LOCALE. ARGOMENTI KANTIANI. RELATIVITA' D
501 _aSocietà San Paolo EM - Piazza San Paolo, 14 - 12051 ALBA (CN) (non commercial uses only) ® Copyright 2017
520 _aESSENZA ESISTENZA SOSTANZA. ESISTENZIALISMO. MUTAZIONI DELLA SOSTANZA. FISICA CHIMICA MATERIA. FORMA ILEMORFISMO. DEFINIONE DELLA QUANTITA'. DIVISIBILITA'. QUALITÀ. CONCETTO E MISURA. LUOGO SPAZIO TEMPO. MOVIMENTO LOCALE. ARGOMENTI KANTIANI. RELATIVITA' D
650 _aAPOLOGETICA E CONTROVERSIE
942 _cBK
957 _71
999 _a16503
_bSI
_g Copie: 1
_c270927
_d270927